| 000 | 00551nam a22001937a 4500 | ||
|---|---|---|---|
| 008 | 160111b xxu||||| |||| 00| 0 eng d | ||
| 020 | _a9780073401829 (alk. paper) | ||
| 020 | _a007340182X (alk. paper) | ||
| 041 | 0 | _aeng | |
| 080 | _a174.4 | ||
| 245 | 0 | 0 |
_aEssentials of business statistics / _cBruce L. Bowerman ... [et al.]. |
| 250 | _a4th ed. | ||
| 260 |
_aNew York : _bMcGraw-Hill/Irwin, _c2012. |
||
| 300 |
_axxii, 665 f. : _bme il.; _c29 cm. |
||
| 650 | 0 | _aStatistika | |
| 650 | 0 | _aBiznes | |
| 700 | 1 | _aBowerman, Bruce L. | |
| 942 |
_2udc _cBK |
||
| 999 |
_c1409 _d1409 |
||